Statistics for Guess the lyrics (#56)

Click here to take the quiz!

General Stats

  • This quiz has been taken 112 times
  • The average score is 102 of 168

Answer Stats

Answer% Correct
I
100%
a
97%
you
95%
the
94%
when
92%
in
91%
to
90%
me
89%
on,
89%
and
87%
your
85%
be
84%
is
83%
it
83%
do
80%
go
74%
that
74%
there
74%
want
72%
can
62%
by
61%
how
59%
let
56%
Let
56%
know
54%
I'll
53%
All
51%
am
49%
need
48%
life
47%
only
44%
make
41%
always
40%
take
40%
here
36%
night
32%
hand
31%
That's
29%
ask
26%
everything
26%
going
26%
right
26%
two
26%
feel
24%
friend
23%
Holding
23%
lean
20%
through
18%
call,
17%
Whenever
17%
change
16%
fall
16%
may
15%
Wherever
15%
change
14%
standing
14%
catch
13%
morning
13%
Seeing
13%
share
11%
wrong
10%
whatever's
9%
wonderland
9%
watching
8%
grow
7%
wander
7%
changes
6%
Surely
6%

Score Distribution

Percentile by Number Answered

Percent of People with Each Score

Your Score History

You have not taken this quiz